| 000 | 01155nam a22003377a 4500 | ||
|---|---|---|---|
| 001 | 000700 | ||
| 003 | DO-SdBPM | ||
| 005 | 20260316100434.0 | ||
| 007 | ta | ||
| 008 | 161114b 2004 sp a ||||| |||| 00| 0 spa d | ||
| 020 | _a842040084X | ||
| 040 |
_aDO-SdBPM _bspa _cBPMSU _erda |
||
| 082 |
_a 833.91 _b H142t 2004 _222 |
||
| 100 | 1 |
_aHagemann, Bernhard _d1956- _eautor _4aut. |
|
| 245 | 1 | 0 |
_a¡Todo me sirve! / _cBernhard Hagemann ; ilustraciones de Silke Voigt ; traducción Amalia Bermejo |
| 264 |
_aMadrid : _bAlfaguara, _c2004. |
||
| 300 |
_a44 páginas : _bilustraciones ; _c19 cm. |
||
| 336 |
_atexto _btxt _2rdaconten |
||
| 337 |
_asin mediación _bn _2rdamedia |
||
| 338 |
_avollumen _bnc _2rdacarrier |
||
| 490 | 0 | _aPróxima parada Alfaguara | |
| 500 | _aPrimeros lectores. Segundo nivel | ||
| 500 | _aTraducción de: Sophie im Sammelfieber | ||
| 590 | _aInventariado, 2026/VM | ||
| 650 | 7 | _aCuentos infantiles alemanes | |
| 650 | 7 | _aLibros ilustrados para niños | |
| 700 | 1 |
_aVoigt, Silke, _eilustración |
|
| 700 | 1 |
_aBermejo, Amalia, _etraductor |
|
| 910 | _aVMateo V. Control de calidad. BPMSU | ||
| 942 |
_2ddc _cBK |
||
| 999 |
_c11957 _d11957 |
||